000 00572nam a2200181Ia 4500
003 GCL
008 140319s9999 xx 000 0 ara d
040 _aGCL /
_cGCL
082 0 4 _a258.54
_bم ش
100 1 _aمحمد بن صالح العثيمين
245 1 0 _aشرح العقيدة الواسطية لابن تيمية /
_cمحمد بن صالح العثيمين
260 _a[S.N] :
_bمكتبة العلم ،
_c1993
300 _a81 ص
490 _a
650 0 4 _aالعقائد الاسلامية
650 0 4 _aالفقه الاسلامى
942 _2ddc
_cBK
999 _c55379
_d55379